ARRUPE JESUIT UNIVERSITY

CORONAVIRUS -STOP THE SPREAD - CLEAN,DISINFECT,COVER

Der zerbrochene Krug. (Record no. 125936)

MARC details
000 -LEADER
fixed length control field 00569cam a2200193u 4500
001 - CONTROL NUMBER
control field 8494436
003 - CONTROL NUMBER IDENTIFIER
control field ARRUPE
005 - DATE AND TIME OF LATEST TRANSACTION
control field 20170111142152.0
008 - FIXED-LENGTH DATA ELEMENTS--GENERAL INFORMATION
fixed length control field 841019s1965 gw a 000 0 ger
010 ## - LIBRARY OF CONGRESS CONTROL NUMBER
LC control number 68078827
040 ## - CATALOGING SOURCE
Original cataloging agency DLC
Transcribing agency CarP
Modifying agency DLC
050 00 - LIBRARY OF CONGRESS CALL NUMBER
Classification number PT2378.Z4
300 ## - PHYSICAL DESCRIPTION
Dimensions 16cm.
100 1# - MAIN ENTRY--PERSONAL NAME
Personal name Kleist, Heinrich von,
Dates associated with a name 1777-1811.
9 (RLIN) 28221
245 14 - TITLE STATEMENT
Title Der zerbrochene Krug.
Remainder of title lustspiel
Statement of responsibility, etc byKleist, Heinrich von
260 ## - PUBLICATION, DISTRIBUTION, ETC. (IMPRINT)
Place of publication, distribution, etc Stuttgart
Name of publisher, distributor, etc Philipp Reclam Jun.
Date of publication, distribution, etc 1961
300 ## - PHYSICAL DESCRIPTION
Extent 78p.;
906 ## - LOCAL DATA ELEMENT F, LDF (RLIN)
a 0
b cbc
c premunv
d u
e ncip
f 19
g y-gencatlg
942 ## - ADDED ENTRY ELEMENTS (KOHA)
Source of classification or shelving scheme Library of Congress Classification
Koha item type Monograph ( Printed materials)
Holdings
Withdrawn status Lost status Source of classification or shelving scheme Damaged status Not for loan Collection code Home library Current library Shelving location Date acquired Total Checkouts Full call number Barcode Date last seen Price effective from Koha item type
    Library of Congress Classification     Main Collection ARRUPE LIBRARY ARRUPE LIBRARY Main Collection 11/01/2017   PT2378.Z4 46500022619 02/07/2019 11/01/2017 Monograph ( Printed materials)

 

Arrupe Library. PO Box MP320 Mt Pleasant, Harare, Zimbabwe
263 242 745411|librarian@aju.ac.zw